000 00613cam a22002411 4500
001 sa 68001618
003 DLC
005 20260227112435.0
008 900102s1967 ii a b 000 0 hino
010 _asa 68001618
035 _a(OCoLC)20838131
040 _aDLC
_cWaU
_dDLC
043 _aa-ii---
050 0 0 _aQL309
_b.J3
100 1 _aJain, Shrichandra,
_d1912-
245 1 0 _aHamāre ye paśu-pakshi.
260 _c[1967]
300 _a293 p.
_billus. (part col)
_c22 cm.
500 _aIn Hindi.
504 _aBibliographical footnotes.
650 0 _aZoology
_zIndia.
650 0 _aAnimals
_vAnecdotes.
999 _c78089
_d78089